Colonialismo y Enajenación : Contribución a la Teoría Política de Frans Fcnon /

Gespeichert in:
Bibliographische Detailangaben
1. Verfasser: Zahar, Renate (autor)
Format: Buch
Sprache:Spanisch
Schriftenreihe:(El Mundo del Hombre. Sociología y Política)
Schlagworte:
Tags: Tag hinzufügen
Keine Tags, Fügen Sie das erste Tag hinzu!

MARC

LEADER 00000nam^a2200000^a^4500
001 000074003
005 20250521000000.0
009 20260310091650.083
037 |a Acervo ITESO - Biblioteca 
041 |a ESP 
082 |a 322. 4  |b ZAH 
100 |a Zahar, Renate  |e (autor) 
245 1 0 |a Colonialismo y Enajenación :  |b Contribución a la Teoría Política de Frans Fcnon /  |c R. Zahar ; tr. por Enrique Contreras Suárez. 
264 |a México :  |b Siglo XXI,  |c 1970 
300 |a 132 p. 
336 |a texto  |b txt  |2 rdacontenido 
337 |a sin mediación  |b n  |2 rdamedio 
338 |a volumen  |b nc  |2 rdasoporte 
440 3 |a (El Mundo del Hombre.  |p Sociología y Política) 
500 |a Traducción de: Kolonialismun und Ebtfremdung Zur Politischen Theorie Frantz Fcnons 
649 |a XX 
650 |a Política 
650 |a Colonialismo -  |x Teoría 
910 |a Fondo Armando Suárez Gómez 
920 |a Impresos - Libros 
930 |a Fondos Especiales 
905 |a 111 
901 |a 0700004288  |b IT2  |c ESP  |u 20250521 
902 |a https://opac.biblio.iteso.mx/vufind/Record/000074003